Tecnología educacional : teorías de instrucción /

Guardado en:
Detalles Bibliográficos
Autor principal: Araújo, Joâo B. (autor)
Otros autores: Chadwick, Clifton B. (autor) (autor)
Formato: Libro
Idioma:Español
Publicado: Barcelona, España : Paidós, 1993
Edición:2a edición
Colección:(Paidós Educador ; 82)
Temas:
Etiquetas: Agrega una etiqueta
Sin etiquetas, Sé el primero en etiquetar este registro!

MARC

LEADER 00000nam^a2200000^a^4500
001 000041562
005 20250521000000.0
009 20260310085701.428
020 |a 84-7509-466-X 
037 |a Acervo ITESO - Biblioteca 
041 |a ESP 
082 |a 370. 15  |b ARA 
100 |a Araújo, Joâo B.  |e (autor) 
245 1 0 |a Tecnología educacional : teorías de instrucción /  |c J. B. Araújo, Clifton B. Chadwick. 
250 |a 2a edición 
264 1 |a Barcelona, España :  |b Paidós,  |c 1993 
300 |a 211 p. 
336 |a texto  |b txt  |2 rdacontenido 
337 |a sin mediación  |b n  |2 rdamedio 
338 |a volumen  |b nc  |2 rdasoporte 
440 1 |a (Paidós Educador ;  |v 82) 
500 |a Traducción de: Tecnologia educacional : teorias da instruçao 
649 |a XX 
650 |a Educación -  |x Teoría 
650 |a Psicología Educativa -  |x Teoría 
650 |a Proceso Educativo 
700 |a Chadwick, Clifton B.  |e (autor) 
910 |a Fondo General 
920 |a Impresos - Libros 
930 |a Colección General 
905 |a 101 
901 |a 0415620100  |b IT1  |c ACC  |i 041562  |u 20250521 
901 |a 0415620200  |b IT1  |c ACC  |i 910005  |u 20250521 
902 |a https://opac.biblio.iteso.mx/vufind/Record/000041562